Process of EU enlargement in the 21st century - new challenges
Gespeichert in:
| Weitere Verfasser: | , |
|---|---|
| Format: | Buch |
| Sprache: | Englisch |
| Veröffentlicht: |
Banská Bystrica
Faculty of Political Sciences and International Affairs, University of Matej Bel
2005
|
| Schlagworte: | |
| Tags: |
Keine Tags, Fügen Sie das erste Tag hinzu!
|
MARC
| LEADER | 00000nam$a2200000$$$4500 | ||
|---|---|---|---|
| 001 | 0054725 | ||
| 005 | 20230120111842.1 | ||
| 020 | |a 80-8083-204-8 | ||
| 041 | 0 | |a eng | |
| 044 | |a SK | ||
| 245 | 1 | 0 | |a Process of EU enlargement in the 21st century - new challenges |c edited by: Peter Terem, Ömer Caha |
| 264 | 1 | |a Banská Bystrica |b Faculty of Political Sciences and International Affairs, University of Matej Bel |c 2005 | |
| 300 | |a 297 s. | ||
| 610 | 2 | 0 | |a integrácia ekonomická medzinárodná |
| 610 | 2 | 0 | |a štát |
| 610 | 2 | 0 | |a obyvateľstvo |
| 610 | 2 | 0 | |a zvyklosti kultúrne |
| 610 | 2 | 0 | |a vzťahy medzinárodné |
| 610 | 2 | 0 | |a spolupráca hospodárska medzinárodná |
| 610 | 2 | 0 | |a aliancie strategické |
| 610 | 2 | 0 | |a politika zahraničná |
| 610 | 2 | 0 | |a suverenita štátna |
| 610 | 2 | 0 | |a bezpečnosť |
| 610 | 2 | 0 | |a terorizmus |
| 610 | 2 | 0 | |a modelovanie |
| 610 | 2 | 0 | |a zdroje ľudské |
| 610 | 2 | 0 | |a konkurencieschopnosť |
| 610 | 2 | 0 | |a globalizácia |
| 610 | 2 | 0 | |a zmeny štruktúrne |
| 610 | 2 | 0 | |a poľnohospodárstvo |
| 610 | 2 | 0 | |a regióny |
| 610 | 2 | 0 | |a jazyky cudzie |
| 610 | 2 | 0 | |a komunikácia |
| 610 | 2 | 0 | |a Európska únia |
| 700 | 1 | |a Terem, Peter | |
| 700 | 1 | |a Caha, Ömer | |